000 00448nam a22001697a 4500
003 PILC
005 20151006092338.0
008 151006b xxu||||| |||| 00| 0 eng d
020 _a9780857896308
050 _aPZ 7
_b.Al374 2011
100 _aAlexander, Nick.
245 _aThe case of missing boyfriend /
_cNick Alexander.
260 _aLondon :
_bCorvus,
_c2011
300 _a402 pages ;
_c25 cm.
650 _aRomance.
942 _2lcc
_cBK
_kFOR
999 _c288817
_d288817